000 01370nam a22002897a 4500
003 DO-SdBNP
005 20220127142517.0
007 ta
008 211203b2019 pr ||||| |||| 00| j spa d
020 _a9789945608168
040 _aDO-SdBNP
_bspa
_cBNPHU
082 4 _222
_bC215c
100 1 _aCancio Reichard, Pablo,
_d1961-
_980811
245 1 0 _aCuaderno de tapas azules y otros acechos /
_cPablo Cancio Reichard ; lectura y corrección editorial Ana García, Patricia Infanzón, Aura Torres.
260 _aSan Juan, Puerto Rico :
_b Isla Negra editores,
_c2019.
300 _a135 p. ;
_c22 cm.
490 1 _aEl rostro y la máscara
500 _aIncluye datos biográficos del autor en la solapa de la cubierta.
505 0 _aNoche inicial -- Entre brumas -- La mañana de todos los miércoles -- Una aventura en Corfú -- Cuaderno de tapas azules -- Historia de una Rosa -- Una noche en San Juan -- La maquinilla -- Las arañas suspiran por mañanas más bellas -- Mujer con sombrero de plumas -- Unos espejuelos para soñar -- Retinitis pigmentosa -- A las Torres Doradas...
590 _aInventariado, 2021 /LP
700 1 _aGarcía, Ana,
_ecorr. ed.
_980813
700 1 _aInfanzón, Patricia,
_ecorr. ed.
_980814
700 1 _aTorres, Aura,
_ecorr. ed.
_980815
830 0 _aEl rostro y la máscara
_980812
910 _aLopérez.
942 _2ddc
_cLBS1
999 _c51098
_d51098